000 00989cab a2200241 4500
001 ABS38169
008 090401t1986 xxu||||| |||| 00| 0 eng d
035 _a(Sirsi) u8989
041 _aeng
100 _aLillington, D.
245 _aRe-using redundant farm buildings - planning problems
260 _c1986
350 _a0
490 _aFarm Management
_v6(4) Winter 1986, 159-166(8)
520 _aLooks at the utilisation of redundant farm buildings and the planning control s and legal requirements affecting their conversion to dwelling houses, holiday accommodation, craft workshops and light industrial premises. Concludes that owners of such buildings should be aware of likely restraints to conversion, and that local authorities may need to give more weight to the needs of owners.
650 _aALTERNATIVE USES
650 _aREDUNDANT BUILDINGS
690 _aRURAL PRACTICE
700 _aCarpenter, J.
700 _aWarren, M.
942 _n0
948 _c04/03/1997
999 _c5570
_d5570